000 00529nam a2200205Ia 4500
005 20240823023708.0
008 240823s9999||||xx |||||||||||||| ||und||
020 _a81-239-1178-5
041 _aENGLISH
082 _A669.9 P4
100 _a"Clark,Donald S"
245 0 _aPhysical Metallurgy for Engineers
250 _aIst
260 _c2004
_b"CBS Publishers & Distributors,New "
500 _aTRANSFERED
650 _aPhysical Metallurgy
_bMechanical
700 _a" Varney,Wilbur R"
942 _cBK
999 _c182155
_d182155